| 000 | 00385nam a2200157Ia 4500 | ||
|---|---|---|---|
| 008 | 230917s9999||||xx |||||||||||||| ||und|| | ||
| 040 |
_e108184 _aMAIN |
||
| 041 | _aEnglish | ||
| 082 | _a005.74 E61F | ||
| 100 | _aElmasri, Ramez | ||
| 245 | 0 | _aFundamental of data base systems | |
| 250 | _a3rd ed. | ||
| 260 |
_aDelhi _bPearson Education _c2003 |
||
| 300 | _a955p p. | ||
| 942 | _cBK | ||
| 999 |
_c120463 _d120463 |
||